Geotechnical instrumentation practice, purpose, performance and interpretation

Bibliographic Details
Main Author: Zajíc, Josef (Author)
Format: Article
Language:Slovak
Czech
Subjects:

MARC

LEADER 00000nab a2200000 a 4500
001 vtls000404172
003 SK-MaSNL
005 20260304081640.0
008 250424c1990 xo 0 slo
015 |a SNBRB19rr/mm-uuuuu 
035 |a CL0404296 
035 |a urn:nbn:sk:snk-ab2l83 
035 |a (urnnbn)urn:nbn:sk:snk:ar-a02lc2 
035 |a (uuid)b1f4b274-faa8-4167-9bce-80d9cec77cf7 
040 |a SNKBUCL  |b slo  |c SNKBUCL  |e AACR2 
041 0 |a cze 
044 |a xo  |c SK 
080 |a 624  |2 1981 
100 1 |a Zajíc, Josef  |4 aut  |9 977281 
245 1 0 |a Geotechnical instrumentation practice, purpose, performance and interpretation  |c Josef Zajíc 
650 0 7 |a inštrumentácia geotechnická  |2 snkbucl  |9 1370496 
650 0 7 |a prístroje meracie geotechnické  |2 snkbucl  |9 1370497 
655 7 |a články z novín a časopisov  |2 snkbucl  |9 267496 
773 0 |t Inženýrské stavby  |g Roč. 38, č. 10-11 (1990), s. 726 
787 0 8 |i Rec.:  |t Geotechnical instrumentation practice, purpose, performance and interpretation  |d London : Thomas Telford Publications, 1990 
850 |a Slovenská národná knižnica 
852 |a Slovenská národná knižnica 
954 |a odborná, vedecká literatúra cudzojazyčná (svetová)  |2 lita 
958 |a article2022 
958 |a RK 
958 |a CZ 
958 |a OND 
958 |a EUIPO 
992 |a RBX 
999 |c 2791663  |d 2793593